The South Korea Quiz Stats

 Plays Quiz Updated Jul 28, 2018

Challenge
Share
Tweet
Embed
Score 0/40 Timer 07:00
341 Plays Today
Hint Answer % Correct
Flag ColorRed
99%
Flag ColorWhite
98.8%
Flag ColorBlue
98.3%
Flag ColorBlack
95.8%
Largest CitySeoul
95.2%
CapitalSeoul
94.8%
ContinentAsia
92.3%
Demonym (Nationality)Korean
89.2%
Independence FromJapan
86.7%
Age of Suffrage19
86.5%
Largest Export PartnerChina (25.1%)
86.1%
Largest Import PartnerChina (20.5%)
86.1%
Bordering CountryNorth Korea
79.6%
Official LanguageKorean
77.5%
Drives on...Right
75.6%
Year to Host Winter Olympics2018
71.9%
CurrencySouth Korean Won
64.1%
Official NameRepublic of Korea
61%
# of Provinces9
60.3%
Year to Host Summer Olympics1988
57.6%
Hint Answer % Correct
Bordering SeaSea of Japan
54.2%
Internet Country Code.kr
52.6%
Year of Independence1945
52.1%
Largest IslandJeju Island
51.8%
2nd Largest CityBusan
51.1%
Population (in millions)~51,181,000
49.5%
Bordering SeaYellow Sea
43%
PresidentMoon Jae-In
41.3%
3rd Largest CityIncheon
34.9%
AlphabetHangul
31.7%
Lowest Point (0 m)Yellow Sea
31.6%
Time ZoneUTC+09:00
23.5%
Bordering SeaEast China Sea
22.1%
Prime MinisterLee Nak-yon
19.1%
Tallest Freestanding Structure (554.5 m)Lotte World Tower
17.5%
National AnthemAegukga (Patriotic Song)
17%
Liberation DayAug 15th
15.8%
Highest Point (1,950 m)Halla-san
12.6%
Largest ProvinceGangwon-do
8.7%
Official LanguageKorean Sign Language
8%

You're not logged in!

Compare scores with friends on all Sporcle quizzes.
Join for Free
OR
Log In

You Might Also Like...

Show Comments

Extras

Top Quizzes Today


Score Distribution

Your Account Isn't Verified!

In order to create a playlist on Sporcle, you need to verify the email address you used during registration. Go to your Sporcle Settings to finish the process.

Report this User

Report this user for behavior that violates our Community Guidelines.

Details: